| 000 -LEADER |
| fixed length control field |
00453nam a22001697a 4500 |
| 008 - FIXED-LENGTH DATA ELEMENTS--GENERAL INFORMATION |
| fixed length control field |
150330b xxu||||| |||| 00| 0 eng d |
| 020 ## - INTERNATIONAL STANDARD BOOK NUMBER |
| International Standard Book Number |
9780323021104 |
| 041 0# - LANGUAGE CODE |
| Language code of text/sound track or separate title |
eng |
| 080 ## - UNIVERSAL DECIMAL CLASSIFICATION NUMBER |
| Universal Decimal Classification number |
616.8 |
| 245 ## - TITLE STATEMENT |
| Title |
The year book of neurology and neurosurgery 2005 / |
| Statement of responsibility, etc |
Scott R. Gibbs; Ashok Verma. |
| 300 ## - |
| -- |
376 f.: |
| -- |
me il.; |
| -- |
26 cm. |
| 505 ## - |
| -- |
Index: f.373-376 |
| 650 #0 - |
| -- |
Mjekësi |
| 650 #0 - |
| -- |
Neurologji |
| 650 #0 - |
| -- |
Neurokirurgji |
| 942 ## - ADDED ENTRY ELEMENTS (KOHA) |
| Source of classification or shelving scheme |
|
| Item type |
Books |